Strategische Wettbewerbsbeobachtung so sind Sie Ihren Konkurrenten laufend einen Schritt voraus
Gespeichert in:
| 1. Verfasser: | |
|---|---|
| Format: | Buch |
| Sprache: | Deutsch |
| Veröffentlicht: |
Wiesbaden
Gabler
2004
|
| Schlagworte: | |
| Tags: |
Keine Tags, Fügen Sie das erste Tag hinzu!
|
MARC
| LEADER | 00000nam$a2200000$$$4500 | ||
|---|---|---|---|
| 001 | 0041020 | ||
| 005 | 20240314090452.8 | ||
| 020 | |a 3-409-12573-6 | ||
| 041 | 0 | |a ger | |
| 044 | |a DE | ||
| 245 | 1 | 0 | |a Strategische Wettbewerbsbeobachtung |b so sind Sie Ihren Konkurrenten laufend einen Schritt voraus |c Johannes Deltl |
| 264 | 1 | |a Wiesbaden |b Gabler |c 2004 | |
| 300 | |a 243 s. | ||
| 610 | 2 | 0 | |a konkurencia |
| 610 | 2 | 0 | |a podnik |
| 610 | 2 | 0 | |a konkurencieschopnosť |
| 610 | 2 | 0 | |a inteligencia |
| 610 | 2 | 0 | |a výskum |
| 610 | 2 | 0 | |a zber dát |
| 610 | 2 | 0 | |a analýzy |
| 610 | 2 | 0 | |a plánovanie |
| 610 | 2 | 0 | |a komunikácia |
| 610 | 2 | 0 | |a technológia |
| 610 | 2 | 0 | |a kultúra podniková |
| 610 | 2 | 0 | |a výhody konkurenčné |
| 610 | 2 | 0 | |a štúdie prípadové |
| 100 | 1 | |a Deltl, Johannes | |